[Event "Hoogeveen Open"]
[Site "Hoogeveen, Netherlands"]
[Date "2018.10.27"]
[Round "9.32"]
[White "Van Der Hagen, Loek"]
[Black "Mijnheer, Peter"]
[Result "0-1"]
[WhiteElo "1820"]
[BlackElo "2092"]

1. e4 {[%clk 01:30:57]} {[%emt 00:00:02]} e5 {[%clk 01:30:55]} {[%emt
00:00:06]} 2. Nf3 {[%clk 01:31:22]} {[%emt 00:00:05]} Nc6 {[%clk 01:31:16]}
{[%emt 00:00:08]} 3. Bb5 {[%clk 01:31:47]} {[%emt 00:00:05]} a6 {[%clk
01:31:27]} {[%emt 00:00:19]} 4. Ba4 {[%clk 01:32:14]} {[%emt 00:00:04]} Nf6
{[%clk 01:31:48]} {[%emt 00:00:08]} 5. O-O {[%clk 01:32:36]} {[%emt 00:00:07]}
Be7 {[%clk 01:32:14]} {[%emt 00:00:04]} 6. Re1 {[%clk 01:32:59]} {[%emt
00:00:07]} b5 {[%clk 01:32:38]} {[%emt 00:00:07]} 7. Bb3 {[%clk 01:33:26]}
{[%emt 00:00:02]} d6 {[%clk 01:32:58]} {[%emt 00:00:10]} 8. c3 {[%clk
01:33:49]} {[%emt 00:00:07]} O-O {[%clk 01:33:20]} {[%emt 00:00:07]} 9. h3
{[%clk 01:34:14]} {[%emt 00:00:06]} h6 {[%clk 01:28:22]} {[%emt 00:05:28]} 10.
d4 {[%clk 01:33:31]} {[%emt 00:01:14]} Re8 {[%clk 01:28:15]} {[%emt 00:00:36]}
11. Nbd2 {[%clk 01:32:21]} {[%emt 00:01:40]} Bf8 {[%clk 01:28:00]} {[%emt
00:00:44]} 12. Bc2 {[%clk 01:30:55]} {[%emt 00:01:56]} Bb7 {[%clk 01:26:00]}
{[%emt 00:02:31]} 13. d5 {[%clk 01:28:56]} {[%emt 00:02:29]} Ne7 {[%clk
01:19:38]} {[%emt 00:06:51]} 14. b3 {[%clk 01:26:47]} {[%emt 00:02:40]} c6
{[%clk 01:19:13]} {[%emt 00:00:56]} 15. c4 {[%clk 01:26:09]} {[%emt 00:01:07]}
Nc8 {[%clk 01:13:29]} {[%emt 00:06:14]} 16. Nf1 {[%clk 01:23:49]} {[%emt
00:02:50]} Nb6 {[%clk 01:10:27]} {[%emt 00:03:32]} 17. Ne3 {[%clk 01:21:52]}
{[%emt 00:02:26]} Qc7 {[%clk 01:04:37]} {[%emt 00:06:21]} 18. Bd2 {[%clk
01:18:41]} {[%emt 00:03:40]} Nbd7 {[%clk 01:03:17]} {[%emt 00:01:51]} 19. Bb1
{[%clk 01:09:42]} {[%emt 00:09:29]} Rec8 {[%clk 01:00:27]} {[%emt 00:03:19]} 20.
Qc2 {[%clk 01:05:50]} {[%emt 00:04:22]} bxc4 {[%clk 00:56:02]} {[%emt
00:04:55]} 21. bxc4 {[%clk 01:05:07]} {[%emt 00:01:14]} a5 {[%clk 00:56:18]}
{[%emt 00:00:15]} 22. a4 {[%clk 00:53:56]} {[%emt 00:11:40]} g6 {[%clk
00:34:04]} {[%emt 00:22:43]} 23. Ra3 {[%clk 00:46:27]} {[%emt 00:08:00]} Bg7
{[%clk 00:32:09]} {[%emt 00:02:25]} 24. Nh2 {[%clk 00:42:36]} {[%emt 00:04:20]}
Qd8 {[%clk 00:18:04]} {[%emt 00:14:35]} 25. Qd1 {[%clk 00:33:24]} {[%emt
00:09:42]} h5 {[%clk 00:13:54]} {[%emt 00:04:40]} 26. Nhf1 {[%clk 00:18:35]}
{[%emt 00:15:18]} cxd5 {[%clk 00:12:30]} {[%emt 00:01:55]} 27. exd5 {[%clk
00:16:07]} {[%emt 00:02:58]} Ba6 {[%clk 00:12:15]} {[%emt 00:00:45]} 28. Rc3
{[%clk 00:12:53]} {[%emt 00:03:44]} Nc5 {[%clk 00:09:28]} {[%emt 00:03:17]} 29.
Ng3 {[%clk 00:09:59]} {[%emt 00:03:23]} h4 {[%clk 00:07:19]} {[%emt 00:02:40]}
30. Ngf1 {[%clk 00:06:47]} {[%emt 00:03:42]} Nfe4 {[%clk 00:07:14]} {[%emt
00:00:35]} 31. Ra3 {[%clk 00:06:22]} {[%emt 00:00:56]} Nxd2 {[%clk 00:07:21]}
{[%emt 00:00:22]} 32. Nxd2 {[%clk 00:06:25]} {[%emt 00:00:26]} Rab8 {[%clk
00:07:49]} {[%emt 00:00:03]} 33. Qg4 {[%clk 00:05:50]} {[%emt 00:01:04]} Rb4
{[%clk 00:06:50]} {[%emt 00:01:29]} 34. Nf3 {[%clk 00:05:27]} {[%emt 00:00:53]}
Rcb8 {[%clk 00:03:43]} {[%emt 00:03:37]} 35. Bc2 {[%clk 00:05:01]} {[%emt
00:00:55]} e4 {[%clk 00:03:52]} {[%emt 00:00:21]} 36. Ng5 {[%clk 00:02:32]}
{[%emt 00:02:59]} Bxc4 {[%clk 00:03:05]} {[%emt 00:01:18]} 37. Qxh4 {[%clk
00:02:16]} {[%emt 00:00:46]} Bd3 {[%clk 00:03:22]} {[%emt 00:00:14]} 38. Bxd3
{[%clk 00:01:45]} {[%emt 00:01:00]} exd3 {[%clk 00:03:35]} {[%emt 00:00:17]} 39.
Ng4 {[%clk 00:01:13]} {[%emt 00:01:02]} d2 {[%clk 00:02:16]} {[%emt 00:01:49]}
40. Rd1 {[%clk 00:01:18]} {[%emt 00:00:25]} Rb1 {[%clk 00:02:06]} {[%emt
00:00:40]} 41. Ra1 {[%clk 00:27:10]} {[%emt 00:04:38]} Rxa1 {[%clk 00:25:40]}
{[%emt 00:06:58]} 42. Rxa1 {[%clk 00:27:32]} {[%emt 00:00:07]} Qe7 {[%clk
00:21:35]} {[%emt 00:04:35]} 43. Rf1 {[%clk 00:26:11]} {[%emt 00:01:50]} Qe2
{[%clk 00:16:01]} {[%emt 00:06:05]} 44. Nf6+ {[%clk 00:23:58]} {[%emt
00:02:42]} Kf8 {[%clk 00:15:35]} {[%emt 00:00:57]} 45. Ngh7+ {[%clk 00:20:56]}
{[%emt 00:03:32]} Ke7 {[%clk 00:15:43]} {[%emt 00:00:22]} 46. Ng8+ {[%clk
00:14:56]} {[%emt 00:06:30]} Kd7 {[%clk 00:15:55]} {[%emt 00:00:18]} 47. Ngf6+
{[%clk 00:15:03]} {[%emt 00:00:22]} Kc7 {[%clk 00:16:02]} {[%emt 00:00:22]} 48.
Qd4 {[%clk 00:14:10]} {[%emt 00:01:23]} Rh8 {[%clk 00:06:08]} {[%emt 00:10:25]}
49. Qg4 {[%clk 00:08:17]} {[%emt 00:06:24]} Qxg4 {[%clk 00:04:45]} {[%emt
00:01:52]} 50. hxg4 {[%clk 00:08:42]} {[%emt 00:00:06]} Rb8 {[%clk 00:04:53]}
{[%emt 00:00:22]} 51. Rd1 {[%clk 00:08:50]} {[%emt 00:00:21]} Rb2 {[%clk
00:05:17]} {[%emt 00:00:07]} 52. Ne8+ {[%clk 00:09:10]} {[%emt 00:00:10]} Kb6
{[%clk 00:05:09]} {[%emt 00:00:38]} 53. Nxd6 {[%clk 00:03:38]} {[%emt
00:06:02]} Rc2 {[%clk 00:04:53]} {[%emt 00:00:47]} 54. Kf1 {[%clk 00:03:07]}
{[%emt 00:01:00]} Nxa4 {[%clk 00:04:58]} {[%emt 00:00:25]} 55. Ne4 {[%clk
00:03:24]} {[%emt 00:00:12]} Nc3 {[%clk 00:05:05]} {[%emt 00:00:23]} 56. Nxc3
{[%clk 00:03:39]} {[%emt 00:00:16]} Bxc3 {[%clk 00:05:19]} {[%emt 00:00:15]} 57.
Ng5 {[%clk 00:03:41]} {[%emt 00:00:28]} a4 {[%clk 00:04:04]} {[%emt 00:01:46]}
58. Ne4 {[%clk 00:03:48]} {[%emt 00:00:23]} Bb4 {[%clk 00:04:13]} {[%emt
00:00:22]} 59. Ke2 {[%clk 00:03:50]} {[%emt 00:00:27]} a3 {[%clk 00:04:29]}
{[%emt 00:00:15]} 60. Rb1 {[%clk 00:01:17]} {[%emt 00:03:01]} Rb2 {[%clk
00:03:51]} {[%emt 00:01:09]} 61. Ra1 {[%clk 00:01:14]} {[%emt 00:00:33]} a2
{[%clk 00:04:16]} {[%emt 00:00:05]} 62. d6 {[%clk 00:01:11]} {[%emt 00:00:33]}
Rb1 {[%clk 00:02:54]} {[%emt 00:01:52]} 0-1

[Event "Hoogeveen Open"]
[Site "Hoogeveen, Netherlands"]
[Date "2018.10.27"]
[Round "9.33"]
[White "Achuthan, Dylan"]
[Black "De Vries, Emma"]
[Result "0-1"]
[WhiteElo "1751"]
[BlackElo "1905"]

1. Nf3 {[%clk 01:30:58]} {[%emt 00:00:02]} Nf6 {[%clk 01:30:49]} {[%emt
00:00:11]} 2. b3 {[%clk 01:31:21]} {[%emt 00:00:07]} d5 {[%clk 01:30:58]}
{[%emt 00:00:21]} 3. Bb2 {[%clk 01:31:46]} {[%emt 00:00:05]} e6 {[%clk
01:31:08]} {[%emt 00:00:20]} 4. e3 {[%clk 01:32:10]} {[%emt 00:00:06]} Be7
{[%clk 01:31:08]} {[%emt 00:00:29]} 5. Be2 {[%clk 01:30:48]} {[%emt 00:01:53]}
c5 {[%clk 01:30:27]} {[%emt 00:01:11]} 6. O-O {[%clk 01:31:10]} {[%emt
00:00:07]} O-O {[%clk 01:29:54]} {[%emt 00:01:03]} 7. Ne5 {[%clk 01:29:46]}
{[%emt 00:01:54]} Nbd7 {[%clk 01:24:42]} {[%emt 00:05:43]} 8. f4 {[%clk
01:29:15]} {[%emt 00:01:01]} Ne4 {[%clk 01:19:04]} {[%emt 00:06:07]} 9. d3
{[%clk 01:28:11]} {[%emt 00:01:35]} Nd6 {[%clk 01:19:14]} {[%emt 00:00:20]} 10.
c4 {[%clk 01:10:37]} {[%emt 00:18:03]} Nf5 {[%clk 01:15:44]} {[%emt 00:04:00]}
11. Bc1 {[%clk 00:49:42]} {[%emt 00:21:25]} Nxe5 {[%clk 01:10:21]} {[%emt
00:05:54]} 12. fxe5 {[%clk 00:49:31]} {[%emt 00:00:41]} Bg5 {[%clk 01:08:08]}
{[%emt 00:02:43]} 13. Rf3 {[%clk 00:44:09]} {[%emt 00:05:52]} d4 {[%clk
01:04:36]} {[%emt 00:04:02]} 14. e4 {[%clk 00:36:03]} {[%emt 00:08:35]} Ne3
{[%clk 00:51:32]} {[%emt 00:13:36]} 15. Bxe3 {[%clk 00:34:56]} {[%emt
00:01:37]} Bxe3+ {[%clk 00:51:52]} {[%emt 00:00:10]} 16. Kh1 {[%clk 00:35:12]}
{[%emt 00:00:14]} Qg5 {[%clk 00:51:37]} {[%emt 00:00:45]} 17. Na3 {[%clk
00:33:49]} {[%emt 00:01:53]} Qxe5 {[%clk 00:51:09]} {[%emt 00:00:58]} 18. Qf1
{[%clk 00:31:59]} {[%emt 00:02:19]} Bd7 {[%clk 00:47:18]} {[%emt 00:04:22]} 19.
Nc2 {[%clk 00:31:24]} {[%emt 00:01:05]} Bh6 {[%clk 00:47:05]} {[%emt 00:00:42]}
20. Qf2 {[%clk 00:29:07]} {[%emt 00:02:47]} Qg5 {[%clk 00:42:18]} {[%emt
00:05:18]} 21. Rd1 {[%clk 00:26:52]} {[%emt 00:02:45]} f5 {[%clk 00:39:31]}
{[%emt 00:03:16]} 22. Rg3 {[%clk 00:18:03]} {[%emt 00:09:19]} fxe4 {[%clk
00:36:48]} {[%emt 00:03:13]} 23. Qe1 {[%clk 00:16:28]} {[%emt 00:02:05]} Qf4
{[%clk 00:32:28]} {[%emt 00:04:50]} 24. dxe4 {[%clk 00:09:52]} {[%emt
00:07:06]} Qxe4 {[%clk 00:31:43]} {[%emt 00:01:16]} 25. Bf3 {[%clk 00:07:58]}
{[%emt 00:02:21]} Qxc2 {[%clk 00:30:45]} {[%emt 00:00:59]} 0-1

[Event "Hoogeveen Open"]
[Site "Hoogeveen, Netherlands"]
[Date "2018.10.27"]
[Round "9.34"]
[White "Shakhverdian, William"]
[Black "Brands, Kevin"]
[Result "1/2-1/2"]
[WhiteElo "1903"]
[BlackElo "1862"]

1. d4 {[%clk 01:30:59]} {[%emt 00:16:03]} Nf6 {[%clk 01:30:47]} {[%emt
00:00:13]} 2. c4 {[%clk 01:31:24]} {[%emt 00:00:04]} g6 {[%clk 01:31:10]}
{[%emt 00:00:09]} 3. Nc3 {[%clk 01:31:49]} {[%emt 00:00:04]} d5 {[%clk
01:31:29]} {[%emt 00:00:11]} 4. cxd5 {[%clk 01:31:51]} {[%emt 00:00:27]} Nxd5
{[%clk 01:31:55]} {[%emt 00:00:05]} 5. e4 {[%clk 01:32:11]} {[%emt 00:00:10]}
Nxc3 {[%clk 01:32:17]} {[%emt 00:00:09]} 6. bxc3 {[%clk 01:32:34]} {[%emt
00:00:06]} Bg7 {[%clk 01:32:28]} {[%emt 00:00:19]} 7. Be3 {[%clk 01:32:59]}
{[%emt 00:00:04]} c5 {[%clk 01:32:52]} {[%emt 00:00:07]} 8. Qd2 {[%clk
01:33:15]} {[%emt 00:00:13]} cxd4 {[%clk 01:32:33]} {[%emt 00:00:50]} 9. cxd4
{[%clk 01:33:38]} {[%emt 00:00:06]} Nc6 {[%clk 01:32:37]} {[%emt 00:00:27]} 10.
Rd1 {[%clk 01:32:31]} {[%emt 00:01:37]} O-O {[%clk 01:30:09]} {[%emt 00:02:57]}
11. h3 {[%clk 01:32:01]} {[%emt 00:01:00]} Qa5 {[%clk 01:20:27]} {[%emt
00:10:13]} 12. Qxa5 {[%clk 01:26:22]} {[%emt 00:06:08]} Nxa5 {[%clk 01:20:12]}
{[%emt 00:00:45]} 13. Nf3 {[%clk 01:22:04]} {[%emt 00:04:49]} Rd8 {[%clk
01:16:36]} {[%emt 00:04:06]} 14. Be2 {[%clk 01:17:35]} {[%emt 00:05:00]} Bd7
{[%clk 01:07:01]} {[%emt 00:10:05]} 15. O-O {[%clk 01:12:43]} {[%emt 00:05:22]}
Rac8 {[%clk 00:58:57]} {[%emt 00:08:34]} 16. Rc1 {[%clk 01:12:21]} {[%emt
00:00:52]} b5 {[%clk 00:57:37]} {[%emt 00:01:50]} 17. d5 {[%clk 01:05:49]}
{[%emt 00:07:02]} Nc4 {[%clk 00:50:21]} {[%emt 00:07:47]} 18. Bxa7 {[%clk
01:02:21]} {[%emt 00:03:57]} Ra8 {[%clk 00:45:04]} {[%emt 00:05:47]} 19. Bd4
{[%clk 00:58:28]} {[%emt 00:04:23]} Rxa2 {[%clk 00:44:58]} {[%emt 00:00:36]} 20.
Bxc4 {[%clk 00:57:52]} {[%emt 00:01:05]} bxc4 {[%clk 00:45:23]} {[%emt
00:00:06]} 21. Bxg7 {[%clk 00:57:51]} {[%emt 00:00:31]} Kxg7 {[%clk 00:45:45]}
{[%emt 00:00:09]} 22. Rfd1 {[%clk 00:52:40]} {[%emt 00:05:41]} Rb8 {[%clk
00:41:58]} {[%emt 00:04:16]} 23. Rd2 {[%clk 00:52:49]} {[%emt 00:00:21]} Ra4
{[%clk 00:32:06]} {[%emt 00:10:22]} 24. Rc3 {[%clk 00:43:32]} {[%emt 00:09:47]}
Rb3 {[%clk 00:25:15]} {[%emt 00:07:21]} 25. Rdc2 {[%clk 00:43:19]} {[%emt
00:00:42]} Bb5 {[%clk 00:21:11]} {[%emt 00:04:35]} 26. Nd2 {[%clk 00:39:16]}
{[%emt 00:04:32]} Rxc3 {[%clk 00:21:09]} {[%emt 00:00:33]} 27. Rxc3 {[%clk
00:39:41]} {[%emt 00:00:05]} Ra1+ {[%clk 00:21:10]} {[%emt 00:00:29]} 28. Kh2
{[%clk 00:39:42]} {[%emt 00:00:29]} Ra2 {[%clk 00:19:56]} {[%emt 00:01:44]} 29.
Nxc4 {[%clk 00:39:35]} {[%emt 00:00:37]} Rxf2 {[%clk 00:18:38]} {[%emt
00:01:48]} 30. Kg3 {[%clk 00:39:32]} {[%emt 00:00:33]} Ra2 {[%clk 00:17:57]}
{[%emt 00:01:11]} 31. Ne3 {[%clk 00:35:31]} {[%emt 00:04:30]} Ra4 {[%clk
00:10:10]} {[%emt 00:08:17]} 32. Kf3 {[%clk 00:35:42]} {[%emt 00:00:18]} Ra7
{[%clk 00:09:03]} {[%emt 00:01:39]} 33. Rc5 {[%clk 00:35:51]} {[%emt 00:00:20]}
Bd3 {[%clk 00:08:24]} {[%emt 00:01:10]} 34. Rc3 {[%clk 00:34:35]} {[%emt
00:01:45]} Bb5 {[%clk 00:08:17]} {[%emt 00:00:38]} 35. Rb3 {[%clk 00:34:34]}
{[%emt 00:00:30]} Rb7 {[%clk 00:07:19]} {[%emt 00:01:28]} 36. Rc3 {[%clk
00:34:27]} {[%emt 00:00:37]} Ra7 {[%clk 00:03:24]} {[%emt 00:03:55]} 1/2-1/2

[Event "Hoogeveen Open"]
[Site "Hoogeveen, Netherlands"]
[Date "2018.10.27"]
[Round "9.35"]
[White "Kutchoukov, Daniel"]
[Black "Bleeker, Kasper"]
[Result "0-1"]
[WhiteElo "1882"]
[BlackElo "1891"]

1. e4 {[%clk 01:30:59]} {[%emt 00:00:01]} e5 {[%clk 01:29:25]} {[%emt
00:01:34]} 2. Nf3 {[%clk 01:31:26]} {[%emt 00:00:03]} Nc6 {[%clk 01:29:49]}
{[%emt 00:00:06]} 3. Nc3 {[%clk 01:31:52]} {[%emt 00:00:04]} Nf6 {[%clk
01:30:14]} {[%emt 00:00:05]} 4. Be2 {[%clk 01:32:18]} {[%emt 00:00:04]} Be7
{[%clk 01:28:15]} {[%emt 00:02:29]} 5. d4 {[%clk 01:32:20]} {[%emt 00:00:27]}
exd4 {[%clk 01:26:58]} {[%emt 00:01:49]} 6. Nxd4 {[%clk 01:31:58]} {[%emt
00:00:51]} O-O {[%clk 01:13:48]} {[%emt 00:13:40]} 7. Be3 {[%clk 01:29:52]}
{[%emt 00:02:36]} Bb4 {[%clk 01:12:51]} {[%emt 00:01:26]} 8. f3 {[%clk
00:59:57]} {[%emt 00:30:26]} d5 {[%clk 01:08:16]} {[%emt 00:05:05]} 9. exd5
{[%clk 00:37:54]} {[%emt 00:22:33]} Nxd5 {[%clk 00:56:46]} {[%emt 00:11:59]} 10.
Nxc6 {[%clk 00:35:50]} {[%emt 00:02:35]} bxc6 {[%clk 00:56:44]} {[%emt
00:00:32]} 11. Bd2 {[%clk 00:35:03]} {[%emt 00:01:17]} Nxc3 {[%clk 00:50:23]}
{[%emt 00:06:51]} 12. Bxc3 {[%clk 00:33:40]} {[%emt 00:01:53]} Bxc3+ {[%clk
00:50:48]} {[%emt 00:00:05]} 13. bxc3 {[%clk 00:32:18]} {[%emt 00:01:52]} Qh4+
{[%clk 00:50:17]} {[%emt 00:01:00]} 14. g3 {[%clk 00:31:04]} {[%emt 00:01:45]}
Qe7 {[%clk 00:49:00]} {[%emt 00:01:48]} 15. Kf2 {[%clk 00:18:18]} {[%emt
00:13:16]} Bh3 {[%clk 00:45:56]} {[%emt 00:03:33]} 16. Bf1 {[%clk 00:07:02]}
{[%emt 00:11:46]} Rad8 {[%clk 00:42:40]} {[%emt 00:03:46]} 17. Qe1 {[%clk
00:05:25]} {[%emt 00:02:07]} Qc5+ {[%clk 00:40:14]} {[%emt 00:02:57]} 18. Qe3
{[%clk 00:05:51]} {[%emt 00:00:03]} Rd2+ {[%clk 00:38:55]} {[%emt 00:01:50]} 19.
Be2 {[%clk 00:06:08]} {[%emt 00:00:13]} Qxe3+ {[%clk 00:38:54]} {[%emt
00:00:32]} 20. Kxe3 {[%clk 00:06:34]} {[%emt 00:00:02]} Rxc2 {[%clk 00:38:41]}
{[%emt 00:00:43]} 21. Bd3 {[%clk 00:03:37]} {[%emt 00:03:28]} Rxc3 {[%clk
00:38:38]} {[%emt 00:00:32]} 22. Kd2 {[%clk 00:02:44]} {[%emt 00:01:23]} Ra3
{[%clk 00:37:44]} {[%emt 00:01:25]} 23. Be4 {[%clk 00:02:22]} {[%emt 00:00:51]}
Bg2 {[%clk 00:34:13]} {[%emt 00:04:00]} 24. Rhc1 {[%clk 00:02:23]} {[%emt
00:00:30]} Bxf3 {[%clk 00:33:05]} {[%emt 00:01:39]} 25. Bxf3 {[%clk 00:02:44]}
{[%emt 00:00:09]} Rxf3 {[%clk 00:33:33]} {[%emt 00:00:02]} 26. Rxc6 {[%clk
00:03:08]} {[%emt 00:00:05]} Rf2+ {[%clk 00:33:29]} {[%emt 00:00:34]} 27. Ke3
{[%clk 00:03:26]} {[%emt 00:00:13]} Rxh2 {[%clk 00:31:54]} {[%emt 00:02:05]} 28.
Rxc7 {[%clk 00:03:49]} {[%emt 00:00:06]} a5 {[%clk 00:31:33]} {[%emt 00:00:51]}
29. Ra7 {[%clk 00:02:40]} {[%emt 00:01:40]} Rh5 {[%clk 00:30:20]} {[%emt
00:01:42]} 30. Rb1 {[%clk 00:02:38]} {[%emt 00:00:31]} g6 {[%clk 00:30:20]}
{[%emt 00:00:32]} 31. a4 {[%clk 00:02:34]} {[%emt 00:00:34]} Re8+ {[%clk
00:29:46]} {[%emt 00:01:04]} 32. Kd4 {[%clk 00:02:02]} {[%emt 00:01:00]} Re6
{[%clk 00:25:18]} {[%emt 00:05:00]} 33. Rbb7 {[%clk 00:00:40]} {[%emt
00:01:52]} Rf6 {[%clk 00:24:09]} {[%emt 00:01:39]} 34. Rb5 {[%clk 00:00:33]}
{[%emt 00:00:37]} Rh3 {[%clk 00:22:12]} {[%emt 00:02:27]} 35. Raxa5 {[%clk
00:00:36]} {[%emt 00:00:27]} Rxg3 {[%clk 00:21:29]} {[%emt 00:01:13]} 36. Ra8+
{[%clk 00:00:41]} {[%emt 00:00:25]} Kg7 {[%clk 00:21:55]} {[%emt 00:00:03]} 37.
a5 {[%clk 00:01:06]} {[%emt 00:00:05]} Rf4+ {[%clk 00:21:07]} {[%emt 00:01:17]}
0-1